<?xml version="1.0" encoding="UTF-8"?>
<record
    xmlns:xsi="http://www.w3.org/2001/XMLSchema-instance"
    xsi:schemaLocation="http://www.loc.gov/MARC21/slim http://www.loc.gov/standards/marcxml/schema/MARC21slim.xsd"
    xmlns="http://www.loc.gov/MARC21/slim">

  <leader>00884nam a2200229 a 4500</leader>
  <controlfield tag="003">DO-SdBNP</controlfield>
  <controlfield tag="005">20260205110706.0</controlfield>
  <controlfield tag="007">ta</controlfield>
  <controlfield tag="008">220531e201?    dr ad||grs||| 000 0 spa d</controlfield>
  <datafield tag="040" ind1=" " ind2=" ">
    <subfield code="a">DO-SdBNP</subfield>
    <subfield code="b">spa</subfield>
    <subfield code="c">BNPHU</subfield>
  </datafield>
  <datafield tag="082" ind1=" " ind2="4">
    <subfield code="2">22</subfield>
    <subfield code="b">R426i</subfield>
  </datafield>
  <datafield tag="110" ind1="2" ind2=" ">
    <subfield code="a">Consejo Nacional de Educaci&#xF3;n Superior (Rep&#xFA;blica Dominicana)</subfield>
    <subfield code="9">17074</subfield>
  </datafield>
  <datafield tag="245" ind1="1" ind2="0">
    <subfield code="a">Informe estad&#xED;stico sector Zonas Francas 2014 /</subfield>
    <subfield code="c">Coordinador editorial, Jorge Montero; Fotograf&#xED;a y edici&#xF3;n, Augusto Valdivia.</subfield>
  </datafield>
  <datafield tag="260" ind1=" " ind2="4">
    <subfield code="a">Santo Domingo :</subfield>
    <subfield code="b">Valdivia,</subfield>
    <subfield code="c">2014?</subfield>
  </datafield>
  <datafield tag="300" ind1=" " ind2=" ">
    <subfield code="a">79 p. :</subfield>
    <subfield code="b">il., retr.</subfield>
    <subfield code="c">28 cm.</subfield>
  </datafield>
  <datafield tag="500" ind1=" " ind2=" ">
    <subfield code="a">Incluye indice de cuadros y gr&#xE1;ficos.</subfield>
  </datafield>
  <datafield tag="590" ind1=" " ind2=" ">
    <subfield code="a">Inventariado 2022 / MF</subfield>
  </datafield>
  <datafield tag="610" ind1=" " ind2="4">
    <subfield code="9">57964</subfield>
    <subfield code="a">Rep&#xFA;blica Dominicana</subfield>
    <subfield code="b">Consejo Nacional de Zonas Francas de Exportaci&#xF3;n.</subfield>
    <subfield code="t">Informe Estad&#xED;stico</subfield>
    <subfield code="y">2014</subfield>
  </datafield>
  <datafield tag="650" ind1=" " ind2="0">
    <subfield code="a">Informes t&#xE9;cnicos</subfield>
    <subfield code="x">Redacci&#xF3;n</subfield>
    <subfield code="9">7867</subfield>
  </datafield>
  <datafield tag="910" ind1=" " ind2=" ">
    <subfield code="a">MFeliz</subfield>
  </datafield>
  <datafield tag="942" ind1=" " ind2=" ">
    <subfield code="2">ddc</subfield>
    <subfield code="c">LBS1</subfield>
  </datafield>
  <datafield tag="952" ind1=" " ind2=" ">
    <subfield code="0">0</subfield>
    <subfield code="1">0</subfield>
    <subfield code="2">ddc</subfield>
    <subfield code="5">1</subfield>
    <subfield code="7">0</subfield>
    <subfield code="8">PD</subfield>
    <subfield code="a">BNPHU</subfield>
    <subfield code="b">BNPHU</subfield>
    <subfield code="c">HD</subfield>
    <subfield code="d">2016-03-09</subfield>
    <subfield code="e">Donado  por Ines DYC</subfield>
    <subfield code="l">0</subfield>
    <subfield code="o">R426i</subfield>
    <subfield code="p">2022-2521</subfield>
    <subfield code="r">2022-05-31</subfield>
    <subfield code="w">2022-05-31</subfield>
    <subfield code="y">LBS1</subfield>
  </datafield>
  <datafield tag="952" ind1=" " ind2=" ">
    <subfield code="0">0</subfield>
    <subfield code="1">0</subfield>
    <subfield code="2">ddc</subfield>
    <subfield code="5">1</subfield>
    <subfield code="7">0</subfield>
    <subfield code="8">PD</subfield>
    <subfield code="a">BNPHU</subfield>
    <subfield code="b">BNPHU</subfield>
    <subfield code="c">HD</subfield>
    <subfield code="d">2016-03-09</subfield>
    <subfield code="e">Donado  por Ines DYC</subfield>
    <subfield code="l">0</subfield>
    <subfield code="o">R426i</subfield>
    <subfield code="p">2022-2522</subfield>
    <subfield code="r">2022-05-31</subfield>
    <subfield code="t">e.2</subfield>
    <subfield code="w">2022-05-31</subfield>
    <subfield code="y">LBS1</subfield>
  </datafield>
  <datafield tag="952" ind1=" " ind2=" ">
    <subfield code="0">0</subfield>
    <subfield code="1">0</subfield>
    <subfield code="2">ddc</subfield>
    <subfield code="5">6</subfield>
    <subfield code="7">0</subfield>
    <subfield code="8">DS</subfield>
    <subfield code="a">BNPHU</subfield>
    <subfield code="b">BNPHU</subfield>
    <subfield code="c">HD</subfield>
    <subfield code="d">2016-03-09</subfield>
    <subfield code="e">Donado  por Ines DYC</subfield>
    <subfield code="l">0</subfield>
    <subfield code="o">R426i</subfield>
    <subfield code="p">2022-2523</subfield>
    <subfield code="r">2022-05-31</subfield>
    <subfield code="t">e.3</subfield>
    <subfield code="w">2022-05-31</subfield>
    <subfield code="y">LBS1</subfield>
  </datafield>
  <datafield tag="999" ind1=" " ind2=" ">
    <subfield code="c">51857</subfield>
    <subfield code="d">51857</subfield>
  </datafield>
</record>
